[Event "Regensburg Donau Cup 2nd"]
[Site "Regensburg"]
[Date "2018.05.10"]
[Round "2"]
[White "Vijayeendra, YG."]
[Black "Liess, Alexander"]
[Result "1-0"]
[WhiteElo "2122"]
[BlackElo "1820"]
[PlyCount "63"]
[EventDate "2018.05.09"]
[EventType "swiss"]
[EventRounds "7"]
[EventCountry "GER"]
[SourceTitle "CBM 184 Extra"]
[Source "ChessBase"]
[SourceDate "2018.06.28"]
[SourceVersion "1"]
[SourceVersionDate "2018.06.28"]
[SourceQuality "1"]

1. e4 e6 2. d4 d5 3. Nc3 Nf6 4. Bg5 Be7 5. Bxf6 Bxf6 6. Nf3 0-0 7. Qd2 b6 8. Bd3 Bb7 9. e5 Be7 10. Ne2 Ba6 11. h4 f6 12. exf6 Rxf6 13. Ng5 Bxd3 14. Qxd3 Rh6 15. f4 c5 16. g3 Nc6 17. c3 Rc8 18. 0-0-0 cxd4 19. Nxd4 Nxd4 20. Qxd4 b5 21. Kb1 Rc4 22. Qe3 Qc8 23. Qxa7 Rc7 24. Qe3 b4 25. cxb4 Bxb4 26. Rc1 Bc5 27. Qd3 Rb7 28. Rc2 Qf8 29. Rhc1 Be7 30. Rc8 Bd8 31. f5 Re7 32. Nxe6 1-0